000 02177nam a2200565 i 4500
001 29485
003 KOSZ 005
005 20230124095008.0
008 970612s1991 pl a f |001 0 pol
015 _aUWD 1991/10471
020 _a8300035451
035 _a991001993929705066
035 _a(PL-WaBN)b1055693x-48omnis_nlop
035 _ab1055693x
035 _a(OCoLC)834086243
035 _a(PL)b0000001055693
035 _a(EXLNZ-48OMNIS_NETWORK)9910421579405606
040 _aWA N
_cWA N
_dKOSZ 005/EG
041 1 _apol
_heng
080 _a330.342.14
080 _a338.1
080 _a(075.8)
100 1 _aKamerschen, David R.
_eAutor
245 1 0 _aEkonomia /
_cDavid R. Kamerschen, Richard B. McKenzie, Clark Nardinelli ; [tł. z ang. zespół pod kier. Piotra Kuropatwińskiego w składzie Dariusz Filar et al.].
246 1 _iTyt. oryg.:
_aEconomy,
_f1989
260 _aGdańsk :
_bFundacja Gospodarcza NSZZ [Niezależnego Samorządnego Związku Zawodowego] "Solidarność",
_c1991.
300 _aXL, [4], 979 s., 49 s. wiele liczb. :
_bwykr., err. ;
_c25 cm.
336 _aTekst
_btxt
_2rdacontent
337 _aBez urządzenia pośredniczącego
_bn
_2rdamedia
338 _aWolumin
_bnc
_2rdacarrier
380 _aKsiążki
380 _aPublikacje dydaktyczne
385 _mPoziom nauczania
_aSzkoły wyższe
388 _a1901-2000
388 _a1989-2000
504 _aIndeksy.
650 7 _aEkonomia polityczna kapitalizmu
_2DBN
650 7 _aGospodarka
_2DBN
651 7 _aStany Zjednoczone (USA)
_2DBN
655 7 _aPodręczniki akademickie
_2DBN
658 _aGospodarka, ekonomia, finanse
700 1 _aFilar, Dariusz
_d(1950- )
_eTłumaczenie
700 1 _aKuropatwiński, Piotr
_d(1950- )
_eTłumaczenie
700 1 _aMcKenzie, Richard B.
_eAutor
700 1 _aNardinelli, Clark
_eAutor
710 _aFundacja Gospodarcza Niezależnego Samorządnego Związku Zawodowego "Solidarność"
_4pbl
856 _uhttp://koha.tu.koszalin.pl/cgi-bin/koha/opac-detail.pl?biblionumber=29485
_yKatalog online BPK
942 _2UKD
_cKS
999 _c29485
_d29485